| 000 | 00433 a2200157 4500 | ||
|---|---|---|---|
| 999 |
_c320965 _d320965 |
||
| 001 | 85892 | ||
| 003 | NUST | ||
| 005 | 20180121172041.0 | ||
| 008 | 180121b xxu||||| |||| 00| 0 eng d | ||
| 020 | _a0471350648 | ||
| 082 | _a355.0092 SMI | ||
| 100 |
_aGene Smith _99369 |
||
| 245 |
_aUntil the last trumpet sounds : the life of General of the Armies John J. Pershing _hEnglish |
||
| 250 | _a1st | ||
| 260 |
_aNew York _b Wiley _c1999 |
||
| 300 | _a384 p. | ||
| 500 | _aGifted By AM Masood Akhtar | ||
| 942 |
_acaenust _cBK _k355.0092 SMI _2ddc |
||